000 01381nam a22003371i 4500
003 SA-RiAUC
005 20250713065736.0
008 250712s1986 iq g b 000 0 ara c
040 _aJO-IrYU
_bara
_cSA-RiAUC
_erda
041 1 _aara
_hund
043 _ama-----
050 1 4 _b.M912 1986
050 4 _b.M912 1986
082 0 4 _a303.4821751
090 _a303.4821751
_bم ا ي
100 1 _aمايرز، يوجين أ.،
_d1910-1996
_eمؤلف.
245 1 2 _aالفكر العربي والعالم الغربي :
_bترجمة المؤلفات العربية إلى اللغات الأوروبية /
_cتأليف يوجين أ. مايرز ؛ ترجمة كاظم سعد الدين.
250 _aالطبعة الأولى.
264 1 _aبغداد :
_bدار الشؤون الثقافية العامة،
_c1986
300 _a154 صفحة ؛
_c24 سم.
336 _aنص
_btxt
_2rdacontent
_3كتاب
337 _aبدون وسيط
_bn
_2rdamedia
338 _aمجلد
_bnc
_2rdacarrier
440 0 _aكتاب المورد
_v2
504 _aببليوجرافية : صفحة 144-152.
650 7 _aالحضارة العربية
_2aucsh
650 7 _aالتبادل الثقافي
_zالبلاد العربية
_2aucsh
700 1 _aسعد الدين، كاظم،
_d1932-2022
_eمترجم.
942 _2ddc
_cBOOK
_n0
949 _aSA-JeALM
_d250712
_uosman123
_n1
999 _c9850
_d9850